Normal view
MARC view
- PRESIDENTES -
Entry Materia
001 - NÚMERO DE CONTROL DEL REGISTRO
- campo de control: 5571
003 - IDENTIFICADOR DE NUMERO DE CONTROL
- campo de control: UPN
005 - FECHA Y HORA DE LA ÚLTIMA TRANSACCIÓN
- campo de control: 20210219193653.0
008 - DATOS DE LONGITUD FIJA
- campo de control de longitud fija: nabaccnnaabn|||||||||| b |nc|||||d
035 ## - NÚMERO DE CONTROL DEL SISTEMA
- Número de control del sistema: UPN10000005571
040 ## - FUENTE DE LA CATALOGACIÓN
- Lengua de catalogación: SPA
- Agencia de transcripción: UPN
150 ## - ENCABEZAMIENTO - TEMÁTICO
- Término de materia o nombre geográfico como elemento inicial: PRESIDENTES -
- Subdivisión geográfica: MEXICO -
- Subdivisión de materia general: ELECCION -
- Subdivisión cronológica: 2006
670 ## - FUENTE EN LA QUE SE LOCALIZARON DATOS
- Cita de la fuente: LC
- Información localizada: Presidents - Mexico - Election - 2006
902 ## - CATALOGADOR
- Catalogador: MEEG/150107
